Statistics for Empty Pixelated World Map

Click here to take the quiz!

General Stats

  • This quiz has been taken 606 times
  • The average score is 1040 of 1129

Answers on the Map

Answers color-coded by a green-red scale on the quiz's map according to % correct below.
Loading ...
 

Answer Stats

Country% Correct
Canada
98%
United States
98%
China
97%
Russia
97%
Mexico
96%
Australia
96%
Brazil
96%
France
94%
Germany
94%
Mongolia
94%
India
94%
United Kingdom
94%
Argentina
94%
Chile
93%
Spain
92%
Peru
92%
Indonesia
92%
South Africa
92%
Japan
92%
Egypt
91%
Colombia
91%
Italy
91%
Bolivia
91%
Iran
90%
Kazakhstan
90%
Sudan
90%
Niger
90%
Democratic Republic of the Congo
90%
Poland
90%
Algeria
89%
Norway
89%
New Zealand
89%
Saudi Arabia
89%
Libya
89%
Sweden
89%
Ukraine
89%
Nigeria
88%
Finland
88%
Pakistan
87%
Venezuela
87%
Iraq
87%
Turkey
87%
Republic of the Congo
87%
Paraguay
87%
Chad
87%
Ethiopia
85%
Uzbekistan
85%
Uruguay
85%
Greece
85%
South Sudan
85%
Morocco
85%
Vietnam
85%
Denmark
84%
Mali
84%
Afghanistan
83%
Kenya
83%
Namibia
82%
Angola
82%
Thailand
82%
Turkmenistan
81%
Somalia
81%
Zambia
81%
Yemen
81%
Oman
80%
Botswana
80%
Malaysia
80%
Zimbabwe
80%
Mauritania
80%
Tanzania
80%
Belarus
79%
Romania
79%
Ireland
79%
Mozambique
79%
Nepal
79%
Ecuador
79%
Laos
79%
South Korea
78%
Myanmar
78%
Philippines
78%
Central African Republic
78%
Austria
78%
Tajikistan
77%
Cambodia
77%
Iceland
77%
North Korea
76%
Guatemala
75%
Nicaragua
75%
Uganda
75%
Madagascar
74%
Hungary
74%
Ghana
73%
Kyrgyzstan
72%
Bulgaria
72%
Czech Republic
71%
Guyana
71%
Suriname
71%
Tunisia
70%
Cameroon
70%
Burkina Faso
69%
Syria
68%
Guinea
67%
Papua New Guinea
67%
Serbia
66%
Ivory Coast
64%
Benin
63%
Senegal
63%
Netherlands
62%
Eritrea
60%
Bangladesh
60%
Gabon
58%
Azerbaijan
58%
Lithuania
58%
Jordan
57%
Sierra Leone
48%

Score Distribution

Percentile by Number Answered

Percent of People with Each Score

Your Score History

You have not taken this quiz